Loading...
| Literature - British | 0 | 4 | 0 | 0 | 40 | 75 | 113.50 | 0 | 1 | 0.00 | 0.00 |
| Literature - World | 0 | 4 | 0 | 0 | 40 | 90 | 117.25 | 0 | 0 | 0.00 | 0.00 |
| Social Science | 0 | 3 | 0 | 1 | 30 | 17 | 75.00 | 1 | 1 | 0.00 | 0.00 |
| Literature - American | 0 | 3 | 0 | 2 | 30 | 60 | 108.67 | 1 | 1 | 0.00 | 0.00 |
| Literature - European | 0 | 4 | 2 | 1 | 30 | 111 | 119.75 | 0 | 0 | 0.00 | 0.00 |
| Fine Arts - Classical Music | 0 | 3 | 0 | 0 | 30 | 60 | 88.00 | 0 | 2 | 0.00 | 0.00 |
| Philosophy | 0 | 2 | 1 | 0 | 15 | 84 | 94.00 | 0 | 0 | 0.00 | 0.00 |
| Science - Other | 0 | 2 | 1 | 0 | 15 | 103 | 112.00 | 0 | 0 | 0.00 | 0.00 |
| Fine Arts - Painting and Sculpture | 0 | 1 | 0 | 1 | 10 | 105 | 105.00 | 0 | 0 | 0.00 | 0.00 |
| Other Academic | 0 | 1 | 0 | 0 | 10 | 88 | 88.00 | 0 | 0 | 0.00 | 0.00 |
| Popular Culture | 0 | 1 | 0 | 1 | 10 | 128 | 128.00 | 0 | 0 | 0.00 | 0.00 |
| Science - Physics | 0 | 1 | 0 | 1 | 10 | 108 | 108.00 | 0 | 0 | 0.00 | 0.00 |
| Fine Arts - Other | 0 | 1 | 1 | 0 | 5 | 132 | 132.00 | 0 | 0 | 0.00 | 0.00 |
| History - Other | 0 | 0 | 0 | 0 | 0 | 0.00 | 0 | 0 | 0.00 | 0.00 | |
| Mythology | 0 | 0 | 1 | 0 | -5 | 0.00 | 0 | 0 | 0.00 | 0.00 |